000
00304cam a2200133ua 4500
003
OSt
008
221110b |||||||| |||| 00| 0 eng d
041
_a
eng
082
_a
338.06
_b
KHA/AN
245
_a
Annual report 1964-65
260
_a
Bombay :
_b
J N Varma ,
_c
1966.
300
_a
152 ; .
942
_c
BK
999
_c
5860
_d
5860